00725nam a2200193Ia 4500001001000000003000500010008004100015010001100056040000900067100002900076245014600105260003400251300001000285502008700295650002700382650003000409650004200439710005000481Para_9420CHAP220125s2008 xx 000 0 und d a208117 cCHAP aCundapí Corzo, Armando aEpidemiología y manejo de sigatoka negra (Mycosphaerella fijiensis Morelet) en banano en Tapachula, Chiapas /c por Armando Cundapí Corzo aChapingo, Méx. :b el autor a70 h. aTesis (M.C. en Protección Vegetal) UACh. Departamento Parasitología Agrícola aHongos fitopatógenos aMycosphaerella fijiensis  aPlátano x enfermedades por hongos  aUACh. Departamento Parasitología Agrícola